Estatísticas para Rios

Clique aqui para jogar o quiz

Estatísticas Gerais

  • Esse quiz foi jogado 19 vezes
  • A pontuação média é 8 de 15

Estatísticas das Respostas

HintResposta% Correto
2.Rio Douro
100%
1.Rio Tejo
100%
5.Rio Guadiana
87%
3.Rio Mondego
87%
9.Rio Cávado
73%
4.Rio Sado
73%
11.Rio Lima
67%
8.Rio Minho
60%
15.Rio Ave
53%
10.Rio Tâmega
40%
6.Rio Zêzere
40%
14.Rio Lis
20%
12.Rio Nabão
20%
13.Rio Côa
13%
7.Rio Vouga
13%

Distribuição das Pontuações

Percentil de Números Respondidos

Porcentagem de Pessoas com Cada Pontuação

Sua Pontuação Histórica

Você não jogou esse quiz